| 000 | 00535nam a2200181 i 4500 | ||
|---|---|---|---|
| 001 | 50104 | ||
| 003 | ES-MaACL | ||
| 005 | 20250803063047.0 | ||
| 007 | t| | ||
| 008 | 030730s1909 it ||||1| ita d | ||
| 100 | 1 |
_aCroce, Benedetto, _d1866-1952 _9241508 |
|
| 245 | 1 | 0 |
_aLogica come scienza del concetto puro / _cBenedetto Croce. |
| 250 | _a2ยช ed. interamente rifatta. | ||
| 260 |
_aBari : _bGins. Laterza & Figli, _c1909. |
||
| 300 |
_aXXIII, 429 p. ; _c21 cm. |
||
| 852 |
_aES-MaACL _jF-13504 |
||
| 999 |
_c50104 _d50104 |
||